Normal view
MARC view
Entry Topical Term
001 - CONTROL NUMBER
- control field: 50065
003 - CONTROL NUMBER IDENTIFIER
- control field: dpl
005 - DATE AND TIME OF LATEST TRANSACTION
- control field: 20120711141939.0
008 - FIXED-LENGTH DATA ELEMENTS
- fixed length control field: 120711|||a|||||| | ||| d
040 ## - CATALOGING SOURCE
- Original cataloging agency: dpl
- Transcribing agency: dpl
150 ## - HEADING--TOPICAL TERM
- Topical term or geographic name as entry element: Influence (literacy, artistic,etc.)
670 ## - SOURCE DATA FOUND
- Source citation: Work cat.: (dpl)42386: Sinha, Biswajit 50064, Rabindranath Tagore and fifty years of sahitya akademi /, 2006
670 ## - SOURCE DATA FOUND
- Source citation: Work cat.: (dpl)42386: Sinha, Biswajit 50064, Rabindranath Tagore and fifty years of sahitya akademi /, 2006
